| 000 | 00648nam a2200253Ia 4500 | ||
|---|---|---|---|
| 005 | 20250425162556.0 | ||
| 008 | 250425s9999 xx 000 0 und d | ||
| 020 | _a0471629006 | ||
| 041 | _aeng | ||
| 043 | _axxu | ||
| 082 | _a621.317 | ||
| 100 | _aDEWAN, JOHN T. | ||
| 245 | 0 | _aPOWER SEMICONDUCTOR DRIVES | |
| 250 | _aS.E. | ||
| 260 |
_aEstados Unidos _bJOHN WILEY & SONS, INC. _c1984 |
||
| 260 | _aNEW YORK | ||
| 300 | _a354 | ||
| 500 | _aEN BIBLIOTECA FIEC ES UNA FOTOCOPIA ANILLADA | ||
| 650 | _aCONDUCCION ELECTRICA | ||
| 650 | _aSEMICONDUCTORES DE POTENCIA | ||
| 700 | _aSLEMON, GORDON R | ||
| 942 | _c01 | ||
| 010 | _a86627 | ||
| 999 |
_c232044 _d232044 |
||